Statistics for Most-Earned Jetpunk Badges

Click here to take the quiz!

General Stats

  • This quiz has been taken 18 times
  • The average score is 5 of 12

Answer Stats

# EarnedAnswer% Correct
60,382196
92%
12,896USA
67%
7,465British
58%
6,808Germany
58%
7,421France
50%
11,885Flag
33%
6,103Language
25%
5,785Picture
25%
9,241Border
17%
9,638Population
17%
11,692World Capitals
17%
8,475Math Wizard
8%

Score Distribution

Percentile by Number Answered

Percent of People with Each Score

Your Score History

You have not taken this quiz